[Event "USA tt"]
[Site "ICC INT"]
[Date "2005.10.26"]
[Round "9"]
[White "Stripunsky, Alexander"]
[Black "Charbonneau, Pascal"]
[Result "1/2-1/2"]
[WhiteElo "2576"]
[BlackElo "2500"]
[PlyCount "101"]
[GameId "1166647841165312"]
[EventDate "2005.10.05"]
[EventType "team"]
[EventRounds "10"]
[EventCountry "USA"]
[SourceTitle "CBM 108 Extra"]
[Source "ChessBase"]
[SourceDate "2005.11.04"]
[SourceVersion "1"]
[SourceVersionDate "2005.11.04"]
[SourceQuality "1"]

1. e4 c5 2. Nc3 Nc6 3. g3 g6 4. Bg2 Rb8 5. f4 b5 6. e5 Bg7 7. Ne4 Qb6 8. d3 f5 9. Ng5 Nh6 10. N1f3 O-O 11. O-O d6 12. exd6 exd6 13. h3 Re8 14. Kh2 b4 15. Nd2 Bb7 16. Nc4 Qd8 17. c3 bxc3 18. bxc3 Na5 19. Bxb7 Rxb7 20. Qf3 Rd7 21. Bd2 Nxc4 22. Qd5+ Kh8 23. dxc4 Rde7 24. Rae1 Rxe1 25. Rxe1 Rxe1 26. Bxe1 Qe7 27. Kg2 Bf6 28. Ne6 Nf7 29. g4 fxg4 30. hxg4 Nd8 31. f5 gxf5 32. gxf5 Nxe6 33. fxe6 Be5 34. Bd2 Kg7 35. Be1 Qg5+ 36. Kf1 Kf6 37. e7 Qf4+ 38. Ke2 Kxe7 39. Qb7+ Kf6 40. Qxh7 Qxc4+ 41. Kd1 Qd5+ 42. Kc1 Bf4+ 43. Kb2 Qg2+ 44. Qc2 Qb7+ 45. Qb3 Qh1 46. Qa4 Bc1+ 47. Kxc1 Qxe1+ 48. Kc2 Qe2+ 49. Kc1 Qe1+ 50. Kc2 Qe2+ 51. Kc1 1/2-1/2

[Event "USA tt"]
[Site "ICC INT"]
[Date "2005.11.02"]
[Round "10"]
[White "Charbonneau, Pascal"]
[Black "Friedel, Joshua E"]
[Result "1-0"]
[WhiteElo "2500"]
[BlackElo "2453"]
[PlyCount "79"]
[GameId "1166647841185792"]
[EventDate "2005.10.05"]
[EventType "team"]
[EventRounds "10"]
[EventCountry "USA"]
[SourceTitle "CBM 108 Extra"]
[Source "ChessBase"]
[SourceDate "2005.11.04"]
[SourceVersion "1"]
[SourceVersionDate "2005.11.04"]
[SourceQuality "1"]

1. Nf3 d5 2. c4 c6 3. e3 Nf6 4. Qc2 e6 5. b3 Nbd7 6. Bb2 Bd6 7. Nc3 O-O 8. Be2 a6 9. d4 b5 10. O-O Bb7 11. Rfd1 b4 12. Na4 Ne4 13. Ne5 Bxe5 14. dxe5 Qe7 15. Rac1 Rac8 16. f3 Nec5 17. Nxc5 Qxc5 18. Qd2 Qe7 19. cxd5 exd5 20. f4 a5 21. Bg4 Rcd8 22. Bxd7 Qxd7 23. Rc5 Ra8 24. Rf1 Qf5 25. h3 Ba6 26. Rf3 Bb5 27. Bd4 a4 28. Kh2 axb3 29. axb3 Qb1 30. Rg3 g6 31. Qxb4 Ra2 32. e6 fxe6 33. Rxb5 cxb5 34. Qe7 Rf7 35. Qe8+ Rf8 36. Qxe6+ Rf7 37. Qe5 Kf8 38. Bc5+ Kg8 39. Qe8+ Kg7 40. Bd4+ 1-0

[Event "USA tt playoff"]
[Site "ICC INT"]
[Date "2005.11.23"]
[Round "2"]
[White "Charbonneau, Pascal"]
[Black "Becerra Rivero, Julio"]
[Result "1-0"]
[WhiteElo "2500"]
[BlackElo "2549"]
[PlyCount "143"]
[GameId "1166648023015424"]
[EventDate "2005.11.09"]
[EventType "team"]
[EventRounds "2"]
[EventCountry "USA"]
[SourceTitle "EXT 2007"]
[Source "ChessBase"]
[SourceDate "2006.11.23"]
[SourceVersion "1"]
[SourceVersionDate "2006.11.23"]
[SourceQuality "1"]

1. e4 e5 2. Bc4 Nf6 3. d3 Nc6 4. Nf3 Be7 5. Bb3 O-O 6. O-O d6 7. c3 Na5 8. Bc2 c5 9. Nbd2 Re8 10. a3 Bf8 11. b4 Nc6 12. Re1 h6 13. Bb2 Bd7 14. Nf1 Rc8 15. Ne3 Ng4 16. Nd5 Ne7 17. Nxe7+ Qxe7 18. h3 Nf6 19. d4 exd4 20. cxd4 c4 21. Rc1 g6 22. d5 c3 23. Ba1 Bg7 24. Bb1 Nh5 25. Re3 c2 26. Bxc2 Bxa1 27. Rxa1 Qf6 28. Rb1 Nf4 29. Ba4 b5 30. Bb3 g5 31. Qd2 Ng6 32. Qd4 Qxd4 33. Nxd4 Ne5 34. Ra1 Re7 35. Ree1 Nd3 36. Re3 Ne5 37. f3 Ree8 38. a4 a6 39. axb5 axb5 40. Ra6 Rc1+ 41. Kf2 Rb1 42. Rxd6 h5 43. Rc3 Ra8 44. Nc6 Rb2+ 45. Bc2 Bxc6 46. dxc6 Nc4 47. Rd1 Rc8 48. Rd5 Rxc6 49. Rxg5+ Kf8 50. Rxb5 Ne5 51. Rbc5 Re6 52. b5 h4 53. Ke3 Nd7 54. Rf5 Rg6 55. Rc7 Ke8 56. Bd3 Rgxg2 57. b6 Rb3 58. Rb5 Rgb2 59. Rd5 Nxb6 60. Rd4 Rh2 61. e5 Rxh3 62. Kf4 Rh2 63. Be4 Re2 64. e6 Rxe4+ 65. fxe4 fxe6 66. Rd6 h3 67. Rxe6+ Kd8 68. Rh7 Nc4 69. Rg6 Rf3+ 70. Kxf3 Ne5+ 71. Ke3 Nxg6 72. Rxh3 1-0

[Event "USA tt playoffs"]
[Site "ICC INT"]
[Date "2005.11.09"]
[Round "1"]
[White "Stripunsky, Alexander"]
[Black "Charbonneau, Pascal"]
[Result "1/2-1/2"]
[WhiteElo "2576"]
[BlackElo "2500"]
[PlyCount "107"]
[GameId "1166648023056384"]
[EventDate "2005.11.09"]
[EventType "team"]
[EventRounds "1"]
[EventCountry "USA"]
[SourceTitle "EXT 2006"]
[Source "ChessBase"]
[SourceDate "2005.11.24"]
[SourceVersion "1"]
[SourceVersionDate "2005.11.24"]
[SourceQuality "1"]

1. e4 c5 2. d3 Nc6 3. g3 g6 4. Bg2 Bg7 5. f4 e6 6. Nf3 Nge7 7. O-O O-O 8. c3 b6 9. Be3 d5 10. e5 Ba6 11. Bf2 Rc8 12. Re1 Qd7 13. Na3 Rfd8 14. Qd2 h6 15. g4 Rf8 16. Bh4 b5 17. Bf6 Rb8 18. Rad1 b4 19. Nb1 bxc3 20. bxc3 Rb6 21. Qf2 Rfb8 22. Bf1 Bf8 23. h4 Rb2 24. Nbd2 Rc2 25. Rc1 Rbb2 26. h5 Rxa2 27. hxg6 fxg6 28. Qh2 Qb7 29. Rxc2 Rxc2 30. Bg5 Nc8 31. Bxh6 Qh7 32. Bxf8 Qxh2+ 33. Kxh2 Kxf8 34. c4 Nb6 35. Kg3 dxc4 36. dxc4 Bxc4 37. Nxc4 Nxc4 38. Kh4 Nd4 39. Nxd4 cxd4 40. Bd3 Rc3 41. Bxc4 Rxc4 42. Rd1 a5 43. Kg5 Kf7 44. Rd3 a4 45. Ra3 Rc7 46. Rxa4 Rd7 47. Ra2 d3 48. Rd2 Rd4 49. Kh4 Rxf4 50. Rxd3 Re4 51. Rd7+ Ke8 52. Rg7 Rxe5 53. Rxg6 Kf7 54. Rh6 1/2-1/2

[Event "La Roche sur Yon"]
[Site "La Roche sur Yon"]
[Date "2006.03.23"]
[Round "8"]
[White "Bauer, Christian"]
[Black "Charbonneau, Pascal"]
[Result "1/2-1/2"]
[WhiteElo "2627"]
[BlackElo "2496"]
[PlyCount "95"]
[GameId "1166648251109376"]
[EventDate "2006.03.15"]
[EventType "tourn"]
[EventRounds "9"]
[EventCountry "FRA"]
[EventCategory "12"]
[SourceTitle "CBM 112"]
[Source "ChessBase"]
[SourceDate "2006.06.07"]
[SourceVersion "1"]
[SourceVersionDate "2006.06.07"]
[SourceQuality "1"]

1. c4 Nf6 2. g3 e6 3. Bg2 d5 4. d4 Bb4+ 5. Bd2 Be7 6. Nf3 O-O 7. O-O c6 8. Bf4 b6 9. Nc3 Ba6 10. cxd5 cxd5 11. Rc1 Bb7 12. Ne5 Nfd7 13. Nd3 Nc6 14. e4 Nxd4 15. exd5 exd5 16. Nxd5 Bxd5 17. Bxd5 Rc8 18. Rxc8 Qxc8 19. Re1 Nf6 20. Bg2 Ne6 21. Bh3 Rd8 22. Qb3 Nd5 23. Rc1 Qb7 24. Be5 Qd7 25. Nf4 Ndxf4 26. Bxf4 Bc5 27. Qc4 Qd4 28. Qxd4 Bxd4 29. Bxe6 fxe6 30. Rc2 e5 31. Bg5 Rd7 32. Kf1 Kf7 33. Ke2 Ke6 34. Be3 Kd5 35. h4 Rf7 36. b3 Ke4 37. a4 Bxe3 38. fxe3 Kf5 39. Rc4 e4 40. b4 Kg4 41. Rxe4+ Kxg3 42. h5 g5 43. hxg6 hxg6 44. Re5 Kh4 45. Re4+ Kg3 46. Re5 Kg4 47. Re4+ Kg3 48. Re5 1/2-1/2

[Event "USA tt"]
[Site "ICC INT"]
[Date "2006.08.30"]
[Round "1"]
[White "Charbonneau, Pascal"]
[Black "Costigan, Richard"]
[Result "0-1"]
[WhiteElo "2501"]
[BlackElo "2312"]
[PlyCount "90"]
[GameId "1166648682885120"]
[EventDate "2006.08.30"]
[EventType "team"]
[EventRounds "10"]
[EventCountry "USA"]
[SourceTitle "CBM 114 Extra"]
[Source "ChessBase"]
[SourceDate "2006.11.03"]
[SourceVersion "1"]
[SourceVersionDate "2006.11.03"]
[SourceQuality "1"]
[WhiteTeam "New York Knights"]
[BlackTeam "Philadelphia Masterminds"]
[WhiteTeamCountry "USA"]
[BlackTeamCountry "USA"]

1. e4 e5 2. Nf3 Nc6 3. Bb5 a6 4. Ba4 Nf6 5. O-O Be7 6. Re1 b5 7. Bb3 d6 8. c3 O-O 9. d4 Bg4 10. Be3 exd4 11. cxd4 d5 12. e5 Ne4 13. h3 Bh5 14. Nc3 Nxc3 15. bxc3 Qd7 16. Bc2 Nd8 17. a4 Rb8 18. axb5 axb5 19. Ra7 Bg6 20. Bxg6 fxg6 21. Nd2 Ne6 22. Qg4 Rb6 23. Nb3 Rc6 24. Bd2 Rc4 25. Rea1 Rf5 26. Qe2 h6 27. Rb7 Kh7 28. Rb8 Rf8 29. Rxf8 Bxf8 30. Qd3 Ra4 31. Rf1 Ra3 32. Qc2 Qf7 33. Bc1 Ra4 34. f4 Qf5 35. Qe2 Rc4 36. Bd2 Qc2 37. Qd1 Qxd1 38. Rxd1 Ba3 39. g4 b4 40. f5 gxf5 41. gxf5 bxc3 42. fxe6 cxd2 43. Rxd2 Bb4 44. Nc5 Kg8 45. Rf2 Rxc5 0-1

[Event "USA tt"]
[Site "ICC INT"]
[Date "2006.09.06"]
[Round "2"]
[White "Blehm, Pawel"]
[Black "Charbonneau, Pascal"]
[Result "1/2-1/2"]
[WhiteElo "2511"]
[BlackElo "2501"]
[PlyCount "72"]
[GameId "1166648682909696"]
[EventDate "2006.08.30"]
[EventType "team"]
[EventRounds "10"]
[EventCountry "USA"]
[SourceTitle "CBM 114 Extra"]
[Source "ChessBase"]
[SourceDate "2006.11.03"]
[SourceVersion "1"]
[SourceVersionDate "2006.11.03"]
[SourceQuality "1"]
[WhiteTeam "Baltimore"]
[BlackTeam "New York Knights"]
[WhiteTeamCountry "USA"]
[BlackTeamCountry "USA"]

1. e4 c5 2. Nf3 d6 3. Nc3 Nf6 4. d4 cxd4 5. Nxd4 g6 6. Be3 Bg7 7. f3 Nc6 8. Qd2 O-O 9. O-O-O d5 10. exd5 Nxd5 11. Nxc6 bxc6 12. Bd4 Bxd4 13. Qxd4 Qb6 14. Na4 Qa5 15. b3 Qc7 16. h4 Bf5 17. g4 e5 18. Qd2 Be6 19. h5 Rad8 20. hxg6 fxg6 21. Nc5 Nf4 22. Nxe6 Nxe6 23. Bd3 Nd4 24. Qh6 Qg7 25. Qe3 e4 26. fxe4 Rf3 27. Qh6 Nxb3+ 28. axb3 Qa1+ 29. Kd2 Rdxd3+ 30. Ke2 Rfe3+ 31. Qxe3 Rxe3+ 32. Kxe3 Qc3+ 33. Kf4 Qf6+ 34. Ke3 Qc3+ 35. Kf4 Qf6+ 36. Ke3 Qc3+ 1/2-1/2

[Event "USA tt"]
[Site "ICC INT"]
[Date "2006.09.11"]
[Round "3"]
[White "Christiansen, Larry Mark"]
[Black "Charbonneau, Pascal"]
[Result "0-1"]
[WhiteElo "2572"]
[BlackElo "2501"]
[PlyCount "100"]
[GameId "1166648683008000"]
[EventDate "2006.08.30"]
[EventType "team"]
[EventRounds "10"]
[EventCountry "USA"]
[SourceTitle "CBM 114 Extra"]
[Source "ChessBase"]
[SourceDate "2006.11.03"]
[SourceVersion "1"]
[SourceVersionDate "2006.11.03"]
[SourceQuality "1"]
[WhiteTeam "Boston Blitz"]
[BlackTeam "New York Knights"]
[WhiteTeamCountry "USA"]
[BlackTeamCountry "USA"]

1. e4 c5 2. Nf3 d6 3. d4 cxd4 4. Nxd4 Nf6 5. Nc3 Nc6 6. Bc4 Bd7 7. O-O g6 8. Re1 Bg7 9. Nxc6 Bxc6 10. Nd5 O-O 11. c3 e6 12. Nxf6+ Bxf6 13. Bh6 Re8 14. Bb3 Qc7 15. Qf3 Be5 16. Bf4 Bxf4 17. Qxf4 a5 18. Rad1 a4 19. Bc4 Qb6 20. Rxd6 Qxb2 21. Qf6 Qa3 22. Red1 Qc5 23. R1d4 b5 24. Bf1 Bxe4 25. h4 Bb1 26. Rd7 Qf5 27. Qxf5 gxf5 28. Bxb5 Bxa2 29. Rc7 Rac8 30. Ra7 Rf8 31. Rdxa4 Bb3 32. Ra3 Rxc3 33. Kh2 Rfc8 34. Be2 Bd5 35. Rxc3 Rxc3 36. Bh5 e5 37. Ra5 Rd3 38. Bf3 e4 39. Bh5 Kg7 40. Ra6 f4 41. Rd6 Be6 42. Rxd3 exd3 43. Bd1 Kf6 44. g3 Ke5 45. Kg2 Bd5+ 46. Kf1 Kd4 47. gxf4 Kc3 48. Ke1 Bc4 49. Ba4 d2+ 50. Kd1 h5 0-1

[Event "USA tt"]
[Site "ICC INT"]
[Date "2006.09.20"]
[Round "4"]
[White "Milman, Lev"]
[Black "Charbonneau, Pascal"]
[Result "0-1"]
[WhiteElo "2473"]
[BlackElo "2501"]
[PlyCount "48"]
[GameId "1166648683110400"]
[EventDate "2006.08.30"]
[EventType "team"]
[EventRounds "10"]
[EventCountry "USA"]
[SourceTitle "CBM 114 Extra"]
[Source "ChessBase"]
[SourceDate "2006.11.03"]
[SourceVersion "1"]
[SourceVersionDate "2006.11.03"]
[SourceQuality "1"]
[WhiteTeam "Carolina Cobras"]
[BlackTeam "New York Knights"]
[WhiteTeamCountry "USA"]
[BlackTeamCountry "USA"]

1. e4 c5 2. Nf3 d6 3. d4 cxd4 4. Nxd4 Nf6 5. Nc3 Nc6 6. Bg5 e6 7. Qd2 Qb6 8. Be3 Ng4 9. Na4 Qd8 10. Bg5 Nf6 11. f3 Be7 12. Be3 d5 13. Nxc6 bxc6 14. Qc3 dxe4 15. fxe4 O-O 16. Bd3 Ng4 17. Bd4 e5 18. Bc5 Bxc5 19. Qxc5 Qh4+ 20. g3 Qh6 21. Be2 Ne3 22. Bd3 Bh3 23. Kd2 Nc4+ 24. Kc3 Qd2+ 0-1

[Event "USA tt"]
[Site "ICC INT"]
[Date "2006.10.04"]
[Round "6"]
[White "Friedel, Joshua E"]
[Black "Charbonneau, Pascal"]
[Result "1/2-1/2"]
[WhiteElo "2480"]
[BlackElo "2501"]
[PlyCount "167"]
[GameId "1166648683302912"]
[EventDate "2006.08.30"]
[EventType "team"]
[EventRounds "10"]
[EventCountry "USA"]
[SourceTitle "CBM 114 Extra"]
[Source "ChessBase"]
[SourceDate "2006.11.03"]
[SourceVersion "1"]
[SourceVersionDate "2006.11.03"]
[SourceQuality "1"]
[WhiteTeam "San Francisco"]
[BlackTeam "New York Knights"]
[WhiteTeamCountry "USA"]
[BlackTeamCountry "USA"]

1. e4 c5 2. Nf3 e6 3. d4 cxd4 4. Nxd4 Nc6 5. Nc3 Qc7 6. Be3 a6 7. Bd3 Nf6 8. O-O b5 9. Nxc6 Qxc6 10. a3 Bb7 11. Qe2 b4 12. axb4 Bxb4 13. Ra4 a5 14. Nb5 O-O 15. f3 d5 16. e5 Nd7 17. c3 Be7 18. f4 Nc5 19. Bxc5 Bxc5+ 20. Kh1 g6 21. Rfa1 Qb6 22. Nd4 Rfb8 23. h3 Bxd4 24. Rxd4 Bc6 25. Rb1 Qc5 26. Qd2 a4 27. Ra1 Rb3 28. Rb4 Rb8 29. Rxb8+ Rxb8 30. Be2 Qb6 31. Bd1 Qxb2 32. Qxb2 Rxb2 33. Bxa4 Bb7 34. Rc1 d4 35. Rc2 dxc3 36. Rxc3 Rxg2 37. Bc6 Bxc6 38. Rxc6 Rf2 39. Rc4 h6 40. Kg1 Re2 41. Kf1 Rh2 42. Rc3 Kg7 43. Rg3 Rc2 44. Rf3 Rc4 45. Kg2 Re4 46. h4 g5 47. hxg5 hxg5 48. Rg3 Rxf4 49. Rxg5+ Kh6 50. Rg3 Re4 51. Rf3 Kg6 52. Rg3+ Kf5 53. Rf3+ Rf4 54. Re3 Rg4+ 55. Kf3 Rg8 56. Kf2 Rg7 57. Kf3 Rg5 58. Kf2 Kg6 59. Kf3 Rg1 60. Kf4 Rg5 61. Re1 Rf5+ 62. Ke4 Kg7 63. Rg1+ Kf8 64. Ra1 Rh5 65. Rg1 Rh4+ 66. Ke3 Ke7 67. Ra1 Rg4 68. Kf3 Rb4 69. Ra7+ Kf8 70. Ra1 Kg7 71. Rg1+ Kh6 72. Ke3 Rh4 73. Rf1 Kg7 74. Rg1+ Kf8 75. Ra1 Rg4 76. Kf3 Rb4 77. Ke3 Rb7 78. Ke4 Ke7 79. Rd1 Rb2 80. Ra1 Rb4+ 81. Ke3 f5 82. exf6+ Kxf6 83. Ra5 e5 84. Ra8 1/2-1/2

[Event "USA tt"]
[Site "ICC INT"]
[Date "2006.10.11"]
[Round "7"]
[White "Charbonneau, Pascal"]
[Black "Milman, Lev"]
[Result "0-1"]
[WhiteElo "2501"]
[BlackElo "2473"]
[PlyCount "86"]
[GameId "1166648683356160"]
[EventDate "2006.08.30"]
[EventType "team"]
[EventRounds "10"]
[EventCountry "USA"]
[SourceTitle "CBM 114 Extra"]
[Source "ChessBase"]
[SourceDate "2006.11.03"]
[SourceVersion "1"]
[SourceVersionDate "2006.11.03"]
[SourceQuality "1"]
[WhiteTeam "New York Knights"]
[BlackTeam "Carolina Cobras"]
[WhiteTeamCountry "USA"]
[BlackTeamCountry "USA"]

1. e4 c5 2. Nf3 d6 3. d4 cxd4 4. Nxd4 Nf6 5. Nc3 a6 6. Be2 e5 7. Nb3 Be7 8. Bg5 Be6 9. Bxf6 Bxf6 10. Qd3 O-O 11. Nd5 Nc6 12. c3 Bg5 13. O-O Ne7 14. Ne3 Qc7 15. g3 Rfd8 16. f4 Bh6 17. Bg4 Bxb3 18. axb3 exf4 19. gxf4 d5 20. e5 Qb6 21. Kh1 Qxb3 22. Bd1 Qb6 23. Ng4 d4 24. c4 Kh8 25. f5 Bg5 26. f6 gxf6 27. Nxf6 Ng6 28. Qh3 Bxf6 29. Rxf6 Qc7 30. Bc2 Qxc4 31. Bb3 Qe2 32. Rxf7 Qe4+ 33. Qg2 Qxg2+ 34. Kxg2 Nxe5 35. Rxb7 Rab8 36. Bd5 Rbc8 37. Be4 d3 38. Ra5 Ng6 39. Bxg6 hxg6 40. Rxa6 Rc2+ 41. Kg3 d2 42. Raa7 Rd3+ 43. Kf4 d1=Q 0-1

[Event "USA tt"]
[Site "ICC INT"]
[Date "2006.10.18"]
[Round "8"]
[White "Charbonneau, Pascal"]
[Black "Perelshteyn, Eugene"]
[Result "1-0"]
[WhiteElo "2501"]
[BlackElo "2544"]
[PlyCount "83"]
[GameId "1166648683421696"]
[EventDate "2006.08.30"]
[EventType "team"]
[EventRounds "10"]
[EventCountry "USA"]
[SourceTitle "CBM 114 Extra"]
[Source "ChessBase"]
[SourceDate "2006.11.03"]
[SourceVersion "1"]
[SourceVersionDate "2006.11.03"]
[SourceQuality "1"]
[WhiteTeam "New York Knights"]
[BlackTeam "Boston Blitz"]
[WhiteTeamCountry "USA"]
[BlackTeamCountry "USA"]

1. e4 Nf6 2. e5 Nd5 3. d4 d6 4. Nf3 Bg4 5. Be2 e6 6. O-O Be7 7. h3 Bh5 8. c4 Nb6 9. Be3 O-O 10. Nc3 N8d7 11. exd6 cxd6 12. b3 Nf6 13. Rc1 Rc8 14. g4 Bg6 15. Nh4 a6 16. Nxg6 hxg6 17. f4 Nbd7 18. g5 Ne8 19. Bf3 Rb8 20. Qd3 Nc7 21. h4 Re8 22. h5 Nf8 23. Rc2 d5 24. cxd5 exd5 25. Rg2 Bb4 26. Nd1 gxh5 27. Bxh5 Qe7 28. Bf3 Ng6 29. f5 Nh4 30. Rh2 Nxf3+ 31. Rxf3 Bd6 32. Rh4 f6 33. g6 Qd7 34. Rh7 Qb5 35. Qd2 Qb4 36. Qf2 Kf8 37. Bd2 Qb5 38. Nc3 Qc6 39. Re3 Re4 40. Rh8+ Ke7 41. Rxb8 Kd7 42. Rg8 1-0

[Event "USA tt"]
[Site "ICC INT"]
[Date "2006.11.01"]
[Round "10"]
[White "Smith, Bryan G"]
[Black "Charbonneau, Pascal"]
[Result "1-0"]
[WhiteElo "2381"]
[BlackElo "2501"]
[PlyCount "83"]
[GameId "1166648683642880"]
[EventDate "2006.08.30"]
[EventType "team"]
[EventRounds "10"]
[EventCountry "USA"]
[SourceTitle "CBM 114 Extra"]
[Source "ChessBase"]
[SourceDate "2006.11.03"]
[SourceVersion "1"]
[SourceVersionDate "2006.11.03"]
[SourceQuality "1"]
[WhiteTeam "Philadelphia Masterminds"]
[BlackTeam "New York Knights"]
[WhiteTeamCountry "USA"]
[BlackTeamCountry "USA"]

1. e4 c5 2. Nf3 e6 3. d4 cxd4 4. Nxd4 a6 5. Nc3 Qc7 6. Bd3 Nf6 7. O-O Nc6 8. Nxc6 bxc6 9. Qe2 d5 10. b3 Be7 11. Bb2 O-O 12. Na4 Bb7 13. e5 Nd7 14. c4 dxc4 15. Bxc4 Nb6 16. Nxb6 Qxb6 17. Rad1 Rfd8 18. Rxd8+ Rxd8 19. Rd1 a5 20. Rxd8+ Qxd8 21. Qd3 Qxd3 22. Bxd3 Kf8 23. f4 h5 24. Bc3 Bb4 25. Bxb4+ axb4 26. Be4 Ke7 27. Kf2 Kd7 28. Ke3 h4 29. Bf3 h3 30. g3 Kc7 31. Bg4 c5 32. Bxh3 Ba6 33. Bg4 Kd7 34. Be2 Bb7 35. g4 Ke7 36. h4 g6 37. Bd3 Kf8 38. f5 exf5 39. gxf5 gxf5 40. Kf4 Kg7 41. Kxf5 Bc8+ 42. Kg5 1-0

[Event "USA tt Wildcard"]
[Site "ICC INT"]
[Date "2006.11.08"]
[Round "1"]
[White "Charbonneau, Pascal"]
[Black "Milman, Lev"]
[Result "0-1"]
[WhiteElo "2501"]
[BlackElo "2473"]
[PlyCount "70"]
[GameId "1166648961081344"]
[EventDate "2006.11.08"]
[EventType "team"]
[EventRounds "1"]
[EventCountry "USA"]
[SourceTitle "EXT 2007"]
[Source "ChessBase"]
[SourceDate "2006.11.23"]
[SourceVersion "1"]
[SourceVersionDate "2006.11.23"]
[SourceQuality "1"]
[WhiteTeam "New York Knights"]
[BlackTeam "Carolina Cobras"]
[WhiteTeamCountry "USA"]
[BlackTeamCountry "USA"]

1. d4 d5 2. c4 c6 3. Nf3 Nf6 4. e3 Bf5 5. Nc3 a6 6. Qb3 b5 7. cxd5 cxd5 8. a4 b4 9. Nb1 Qc7 10. Nbd2 Nc6 11. a5 e6 12. Qa4 Bd6 13. Be2 Ke7 14. h3 h6 15. b3 Qb7 16. Bb2 Rhc8 17. O-O Nd7 18. Rfc1 Rc7 19. Ne1 Rac8 20. Nd3 Na7 21. Nf3 Rc2 22. Nc5 Nxc5 23. dxc5 R8xc5 24. Rxc2 Rxc2 25. Bd4 Rxe2 26. Bxa7 Qxa7 27. Nd4 Rc2 28. Nxc2 Bxc2 29. Rc1 Bd3 30. Qc6 Bb5 31. Qb6 Qxb6 32. axb6 Kd7 33. f4 Bc6 34. Ra1 Bc5 35. Kf2 Bb7 0-1

[Event "USA tt final"]
[Site "ICC INT"]
[Date "2006.11.29"]
[Round "1"]
[White "Friedel, Joshua E"]
[Black "Charbonneau, Pascal"]
[Result "1/2-1/2"]
[WhiteElo "2480"]
[BlackElo "2501"]
[PlyCount "168"]
[GameId "1166649024389120"]
[EventDate "2006.11.29"]
[EventType "team"]
[EventRounds "1"]
[EventCountry "USA"]
[SourceTitle "CBM 115 Extra"]
[Source "ChessBase"]
[SourceDate "2007.01.10"]
[SourceVersion "1"]
[SourceVersionDate "2007.01.10"]
[SourceQuality "1"]
[WhiteTeam "San Francisco"]
[BlackTeam "New York Knights"]
[WhiteTeamCountry "USA"]
[BlackTeamCountry "USA"]

1. e4 c5 2. Nf3 Nc6 3. d4 cxd4 4. Nxd4 Nf6 5. Nc3 e5 6. Ndb5 d6 7. a4 a6 8. Na3 Bg4 9. f3 Be6 10. Bc4 Be7 11. O-O O-O 12. Nd5 Bxd5 13. exd5 Nb8 14. Be3 Nbd7 15. Bd3 Rc8 16. c4 a5 17. Nb5 Ne8 18. f4 exf4 19. Bxf4 g6 20. Kh1 Ne5 21. Bxe5 dxe5 22. Qe2 f6 23. h4 Ng7 24. g4 Bc5 25. h5 e4 26. Qxe4 f5 27. gxf5 gxf5 28. Qe5 Qh4+ 29. Qh2 Qxh5 30. Qxh5 Nxh5 31. Kg2 Rce8 32. Bxf5 Re2+ 33. Kh3 Kh8 34. Rf3 Rg8 35. Bg4 Ng7 36. Nc3 Rxb2 37. Ne4 Bd4 38. Nd6 h5 39. Bd7 Kh7 40. Re1 Rd8 41. Bf5+ Nxf5 42. Nxf5 Bf6 43. Re6 Rf8 44. d6 Rd2 45. Ne7 Be5 46. Rxe5 Rxf3+ 47. Kh4 Rxd6 48. Rxa5 Rd4+ 49. Kxh5 Rxc4 50. Nf5 Rc7 51. Rb5 Rfc3 52. Kg5 R3c4 53. Nd6 R4c5+ 54. Kf6 R5c6 55. Ke6 Rg7 56. Rd5 b6 57. Rd4 Kg8 58. Kd5 Rc5+ 59. Ke6 Rh5 60. Ne8 Rg6+ 61. Nf6+ Rxf6+ 62. Kxf6 Ra5 63. Rb4 Kf8 64. Ke6 Ke8 65. Kd6 Kd8 66. Kc6 Kc8 67. Rh4 Rc5+ 68. Kxb6 Rc1 69. Rh8+ Kd7 70. a5 Rb1+ 71. Ka7 Kc7 72. Rh7+ Kc8 73. Rh2 Kc7 74. Rc2+ Kd7 75. a6 Rb3 76. Rh2 Kc7 77. Rh7+ Kc8 78. Rb7 Ra3 79. Rb5 Rc3 80. Ka8 Rc1 81. a7 Rc2 82. Rh5 Rc1 83. Rh8+ Kc7 84. Rh7+ Kc8 1/2-1/2

[Event "USA tt final playoff"]
[Site "ICC INT"]
[Date "2006.11.29"]
[Round "1"]
[White "Charbonneau, Pascal"]
[Black "Pruess, David"]
[Result "1-0"]
[WhiteElo "2501"]
[BlackElo "2404"]
[PlyCount "130"]
[GameId "1166649024405504"]
[EventDate "2006.11.29"]
[EventType "team"]
[EventRounds "1"]
[EventCountry "USA"]
[SourceTitle "CBM 115 Extra"]
[Source "ChessBase"]
[SourceDate "2007.01.10"]
[SourceVersion "1"]
[SourceVersionDate "2007.01.10"]
[SourceQuality "1"]
[WhiteTeam "New York Knights"]
[BlackTeam "San Francisco"]
[WhiteTeamCountry "USA"]
[BlackTeamCountry "USA"]

1. e4 c5 2. Nf3 d6 3. Nc3 Nf6 4. e5 dxe5 5. Nxe5 a6 6. a4 Qc7 7. Nc4 Bg4 8. Be2 Bxe2 9. Qxe2 Nc6 10. a5 Nd4 11. Qd1 e6 12. O-O Bd6 13. h3 Bh2+ 14. Kh1 Bf4 15. b3 g5 16. Na4 g4 17. c3 gxh3 18. g3 Qc6+ 19. f3 Nh5 20. gxf4 Ng3+ 21. Kg1 Nge2+ 22. Kh2 Nxf3+ 23. Kxh3 Nfg1+ 24. Kh2 Rg8 25. Rxg1 Rxg1 26. Qxg1 Nxg1 27. Kxg1 O-O-O 28. Kf2 Qe4 29. d4 Qc2+ 30. Kf3 Rg8 31. Bd2 f5 32. Re1 Qd3+ 33. Kf2 Rg3 34. Re3 Rxe3 35. Bxe3 Qc2+ 36. Kf3 Qxb3 37. dxc5 Qd1+ 38. Kf2 Kb8 39. Nab6 h5 40. Bd4 Qc2+ 41. Kg3 h4+ 42. Kxh4 Qh2+ 43. Kg5 Qg3+ 44. Kf6 Qh4+ 45. Kxe6 Qh6+ 46. Kxf5 Kc7 47. Ne5 Qh7+ 48. Kg5 Qg8+ 49. Kf5 Qh7+ 50. Kg4 Qg8+ 51. Kf3 Qa2 52. f5 Qc2 53. f6 Qf5+ 54. Ke3 Qg5+ 55. Kd3 Qf5+ 56. Kc4 Qf1+ 57. Kd5 Qg2+ 58. Ke6 Qh3+ 59. Ke7 Qh4 60. Nd5+ Kb8 61. Kd6 Qh6 62. c6 Qf8+ 63. Ke6 Qe8+ 64. Ne7 bxc6 65. f7 Qd8 1-0

[Event "USA tt final playoff"]
[Site "ICC INT"]
[Date "2006.11.29"]
[Round "1"]
[White "Friedel, Joshua E"]
[Black "Charbonneau, Pascal"]
[Result "1-0"]
[WhiteElo "2480"]
[BlackElo "2501"]
[PlyCount "91"]
[GameId "1166649024409600"]
[EventDate "2006.11.29"]
[EventType "team"]
[EventRounds "1"]
[EventCountry "USA"]
[SourceTitle "CBM 115 Extra"]
[Source "ChessBase"]
[SourceDate "2007.01.10"]
[SourceVersion "1"]
[SourceVersionDate "2007.01.10"]
[SourceQuality "1"]
[WhiteTeam "San Francisco"]
[BlackTeam "New York Knights"]
[WhiteTeamCountry "USA"]
[BlackTeamCountry "USA"]

1. e4 c5 2. Nf3 Nc6 3. Nc3 Nf6 4. Bb5 Qc7 5. O-O e6 6. Re1 a6 7. Bxc6 Qxc6 8. d4 d6 9. e5 dxe5 10. Nxe5 Qc7 11. Bf4 Bd6 12. dxc5 Qxc5 13. Qf3 O-O 14. Rad1 Be7 15. Bg5 Rb8 16. Qg3 Ra8 17. Be3 Qa5 18. Nc4 Qb4 19. Nb6 Qxb2 20. Bd4 e5 21. Qxe5 Be6 22. Nxa8 Rxa8 23. Nd5 Qa3 24. Bb2 Qc5 25. Nxf6+ gxf6 26. Qxc5 Bxc5 27. Bxf6 Bxa2 28. Re5 Bb4 29. Rd4 a5 30. Rg4+ Kf8 31. Bg7+ Kg8 32. Bf6+ Kf8 33. Rh4 Be6 34. Rxh7 Ke8 35. Rh8+ Bf8 36. Bg7 Kd7 37. Rxf8 Ra6 38. Rb5 Kc6 39. Rb1 a4 40. Rd8 a3 41. Ra1 a2 42. Rd3 b5 43. Bf8 Ra8 44. Bb4 Bc4 45. Rd6+ Kc7 46. Rd2 1-0